Talk Show Host (Radiohead) Lyrics - Statistics

General Stats
  • This quiz has been taken 53 times
  • The average score is 68 of 80
Answer Stats
Answer % Correct
I
98%
I
98%
So
98%
Want
98%
Want
98%
Want
98%
Want
98%
Want
98%
A
95%
A
95%
And
95%
And
95%
And
95%
And
95%
And
95%
Else
95%
Me
95%
Me
95%
Me
95%
Me
95%
Be
93%
Be
93%
Someone
93%
The
93%
The
93%
The
93%
The
93%
The
93%
The
93%
To
93%
To
93%
Come
90%
Come
90%
Come
90%
Explode
90%
I'll
90%
I'll
90%
Of
90%
Waiting
90%
With
90%
You
90%
You
90%
You
90%
Gun
88%
Or
88%
Pack
88%
Very
88%
Nothing
85%
Nothing
85%
Nothing
85%
Nothing
85%
Sandwiches
85%
Down
83%
Down
83%
On
83%
On
83%
Door
80%
Door
80%
Break
78%
Break
78%
Find
78%
Well
78%
Well
78%
Birds
70%
Birds
70%
Birds
70%
I'm
68%
I'm
68%
I'm
68%
I'm
68%
I'm
68%
Ready
68%
Ready
68%
Ready
68%
Ready
68%
Ready
68%
Floating
60%
Surface
58%
Upon
53%
For
50%
No matching quizzes found
Score Distribution
Percent of People with Each Score
Percentile by Number Answered
Your Score History
You have not taken this quiz